| LEADER | 00927nam a2200229 i 4500 | ||
|---|---|---|---|
| 001 | 10109707 | ||
| 003 | GR-PaULI | ||
| 005 | 20240716063308.0 | ||
| 008 | 200430s2004 gr a g b 1 gre d | ||
| 952 | |0 0 |1 0 |2 ddc |4 0 |6 792_015000000000000_ΠΕΦ |7 0 |9 240435 |a THST |b THST |d 2020-04-30 |i 015326 |l 0 |o 792.015 ΠΕΦ |p 025000267121 |r 2020-04-30 00:00:00 |t 1 |v 2020.00 |w 2020-04-30 |y BKN | ||
| 999 | |c 145084 |d 145084 | ||
| 020 | |a 9608376114 | ||
| 040 | |a GR-PaULI |c gre |b GR-PaULI |e AACR2 | ||
| 082 | 0 | 4 | |a 792.015 |2 23 |
| 100 | 1 | |a Πεφάνης, Γιώργος Π., |d 1966- |e συγγραφέας |9 82163 | |
| 245 | 1 | 0 | |a Επί σκηνής : |b κριτική θεάτρου 1994-2004 / |c Γιώργος Π. Πεφάνης. |
| 260 | |a Αθήνα : |b Ergo, |c 2004. | ||
| 300 | |a 478 σ. ; |c 21 εκ. | ||
| 504 | |a Περιλαμβάνει ευρετήρια. | ||
| 650 | 0 | |a Θέατρο |x Κριτικές. |9 1375 | |
| 942 | |2 ddc |c BK15 | ||
| 998 | |c ΜΑΝΙΑ |d 2020-04 | ||